01056nlm0 22002051i 450 001001300000006001900013007001500032008004100047020001800088040000800106100005200114245005800166260001200224260003000236300001100266520030400277856009300581856009600674856008000770HARMA 223094m g0 d cr mn ---auama260429c go d fre  a9782336589503 bfre0 aHugo Dupont, Johanna Dagorn, Arnaud Alessandrin aDix ans des Cahiers de la LCD - Volume 1bVolume 1 -  aParis : bEditions L'Harmattan a114 p. aCe 22<sup>e</sup> numéro des <em>Cahiers de la LCD</em> est l’occasion de revenir sur le colloque anniversaire des 10 ans de la revue.  <br>Ce premier volume en restitue les communications portant sur le sexisme, le racisme et les politiques des territoires.40uhttps://www.editions-harmattan.fr/catalogue/couv/9782336589503r.jpg2Image de couverture40uhttps://www.harmatheque.com/downloadebook/97823365895032Télécharger le livre au format PDF40uhttps://www.harmatheque.com/readebook/97823365895032Lire ce livre en ligne